Mladí ľudia a finančná gramotnosť bakalárska práca

Enregistré dans:
Détails bibliographiques
Auteur principal: Mácsadi, Štefan
Collectivité auteur: Obchodná fakulta EU. Katedra služieb a cestovného ruchu - zrušené
Autres auteurs: Bažó, Ladislav, 1980-
Format: Livre
Langue:slovaque
Publié: Bratislava 2021
Tags: Ajouter un tag
Pas de tags, Soyez le premier à ajouter un tag!

MARC

LEADER 00000nbm a2200000 4500
001 0275986
005 20220203120328.4
041 0 |a slo 
044 |a SK 
245 1 0 |a Mladí ľudia a finančná gramotnosť  |b bakalárska práca  |c Štefan Mácsadi ; školiteľ: Ladislav Bažó 
264 1 |a Bratislava  |c 2021 
300 |a 56 s. 
100 1 |a Mácsadi, Štefan 
700 1 |a Bažó, Ladislav, 1980- 
710 2 |a Obchodná fakulta EU. Katedra služieb a cestovného ruchu - zrušené